| 000 | 00000nam 2200000zi 4500 |
| 001 | 9.939652 |
| 003 | CaOODSP |
| 005 | 20240718145851 |
| 006 | m o d f |
| 007 | cr cn||||||||| |
| 008 | 230621t20242024onc o f000 0 eng d |
| 020 | |a9780660724690 |
| 040 | |aCaOODSP|beng|erda|cCaOODSP |
| 043 | |an-cn--- |
| 086 | 1 |aFC5-90/2024E-PDF |
| 245 | 00|aFinancial Consumer Agency of Canada survey of stablecoin users (Canada) 2023 : |bmethodological report. |
| 264 | 1|a[Ottawa] : |bFinancial Consumer Agency of Canada = Agence de la consommation en matière financière du Canada, |c2024. |
| 264 | 4|c©2024 |
| 300 | |a1 online resource (34 pages) + |eexecutive summary (7 pages) |
| 336 | |atext|btxt|2rdacontent |
| 337 | |acomputer|bc|2rdamedia |
| 338 | |aonline resource|bcr|2rdacarrier |
| 500 | |aIssued also in French under title: Enquête de l'Agence de la consommation en matière financière du Canada sur les utilisateurs de cryptomonnaie stable (Canada) 2023. |
| 500 | |a"Supplier name: Ipsos Public Affairs." |
| 500 | |a"Contract Number: CW2329195 (5R000-23-1180)." |
| 500 | |a"Registration number: POR 041-23." |
| 650 | 0|aCryptocurrencies|zCanada|xPublic opinion. |
| 650 | 0|aPublic opinion|zCanada. |
| 710 | 2 |aFinancial Consumer Agency of Canada, |eissuing body. |
| 710 | 2 |aIpsos (Firm). |bPublic Affairs, |econsultant. |
| 775 | 08|tEnquête de l'Agence de la consommation en matière financière du Canada sur les utilisateurs de cryptomonnaie stable (Canada) 2023 : |w(CaOODSP)9.939653 |
| 856 | 40|qPDF|s994 KB|uhttps://publications.gc.ca/collections/collection_2024/acfc-fcac/FC5-90-2024-eng.pdf|z(report) |
| 856 | 40|qPDF|s397 KB|uhttps://publications.gc.ca/collections/collection_2024/acfc-fcac/FC5-90-2024-1-eng.pdf|z(executive summary) |
| 856 | 4 |qHTML|sN/A|uhttps://epe.bac-lac.gc.ca/100/200/301/pwgsc-tpsgc/por-ef/financial_consumer_agency/2024/041-23-e/041-23-report.html|z(report) |
| 856 | 4 |qHTML|sN/A|uhttps://epe.bac-lac.gc.ca/100/200/301/pwgsc-tpsgc/por-ef/financial_consumer_agency/2024/041-23-e/summary/041-23-summary.html|z(executive summary) |